| 000 | 00830nam a2200205 a 4500 | ||
|---|---|---|---|
| 003 | 0 | ||
| 005 | 20250314115407.0 | ||
| 008 | 080925s19uu xx 00 eng d | ||
| 050 |
_aPHS SB 974.P65 _b.D427 2008 |
||
| 100 | _aDerama, Joie Genesse N. | ||
| 245 |
_aCalamansi (Citrofortunella microcarpa) peel extract as molluscicide of golden apple snails (Pomacea canaliculata) / _cJoie Genesse N. Derama. |
||
| 260 |
_aLas PiƱas City, Philippines : _bSouthville International School and Colleges, _c2008. |
||
| 300 |
_a20 pages : _billustrations ; _c28 cm. |
||
| 504 | _aIncludes bibliographical references. | ||
| 650 |
_aPomacea canaliculata _xControl. |
||
| 650 |
_aPlant extracts _xPesticidal properties. |
||
| 650 |
_aCitrofortunella microcarpa _xUtilization. |
||
| 650 | _aBiological pest control agents. | ||
| 942 |
_2lcc _cPASS |
||
| 999 |
_c98119 _d98119 |
||